| 000 | 00661nam a22002057a 4500 | ||
|---|---|---|---|
| 003 | OSt | ||
| 005 | 20260305062251.0 | ||
| 008 | 260123b |||||||| |||| 00| 0 eng d | ||
| 020 | _a978-971-06-2918-3 | ||
| 040 |
_aDWCL-Main Lib _cOC |
||
| 082 |
_22nd ed. _aFil. 899.211 B163 2010 |
||
| 100 | _aBaisa-julian, Ailene G. | ||
| 245 | _aPluma III : wika at panitikan para sa mataas na paaralan | ||
| 260 |
_aQuezon City : _bPhoenix Publishing, _cc2010. |
||
| 300 |
_axi , 499 p. : _bill. ; _c26 cm. |
||
| 504 | _aIncludes index. | ||
| 650 | _aPhilippine literature - Study and teaching (Secondary). | ||
| 650 | _aPhilippine literature. | ||
| 942 |
_2ddc _cBK - FIL _n0 |
||
| 999 |
_c7742 _d7742 |
||